=LDR 00000nam 2200000 4500 =001 INLIS000000000039902 =005 20200212014528 =035 ##$$a 0010-061300000039902 =008 200212################g##########0#eng## =041 ##$$a Ind =082 ##$$a 129 Kri =090 ##$$a 129, Kri s =100 ##$$a Khrisna,Anand =245 1#$$a Soul Quest : $b Journey from death to immortality /$c krishna, anand =260 ##$$a Jakarta :$b Gramedia pustaka,$c 2003 =300 ##$$a 230 hlm : $b Ilus ; $c 14 x 21 cm =650 #4$$a Kekekalan =850 ##$$a NBPNMAT =084 ##$$a 129 Kri s =990 ##$$a 21400613/BPAP-NTB/20142014 =990 ##$$a 21104706/ Pb. 2011 =990 ##$$a 2090100866/BPAP-NTB/2015 =990 ##$$a 21104706/ Pb. 2011 =990 ##$$a 21400613/BPAP-NTB/20142014 =990 ##$$a 2090100866/BPAP-NTB/2015 =990 ##$$a 2090100866/BPAP-NTB/2015 =990 ##$$a 21400613/BPAP-NTB/20142014 =990 ##$$a 21104706/ Pb. 2011 =990 ##$$a 2090100866/BPAP-NTB/2015 =990 ##$$a 21400613/BPAP-NTB/20142014 =990 ##$$a 21104706/ Pb. 2011 =990 ##$$a 21400613/BPAP-NTB/20142014 =990 ##$$a 21104706/ Pb. 2011 =990 ##$$a 2090100866/BPAP-NTB/2015